000 00744nam a2200289Ia 4500
003 OSt
005 20221006145103.0
006 a|||||r|||| 00| 0
007 ta
008 221006b |||||||| |||| 00| 0 eng d
020 _c
_15.00
024 _a13,739
037 _cTextual
040 _aEASL
_cEASL
_beng
041 _2eng
_aeng
082 _aV41:1958.N00, K7
100 _aLENSEN George Alexander
245 0 _aRusso-Chinese war
260 _aFlorida
_bDiplomaict Press
_c1967
300 _a315p.
_ccm.
490 _v CEL
650 _a Chinese war
_9653486
650 _a Russo
_9653487
650 _aCEL
942 _hV41:1958.N00, K7
_cTEXL
_2CC
999 _c1081825
_d1081825